[Event "Donner Memorial-A"]
[Site "Amsterdam"]
[Date "1994.??.??"]
[Round "8"]
[White "Timman, Jan H"]
[Black "Lobron, Eric"]
[Result "1-0"]
[WhiteElo "2635"]
[BlackElo "2580"]
[Annotator "Horn,Peter"]
[PlyCount "116"]
[EventDate "1994.08.??"]
[EventType "tourn"]
[EventRounds "9"]
[EventCountry "NED"]
[EventCategory "15"]
[SourceTitle "CBM 043"]
[Source "ChessBase"]
[SourceDate "1994.12.01"]
[SourceVersion "1"]
[SourceVersionDate "1994.12.01"]
[SourceQuality "1"]

1. Nf3 {Waitzkin,Joshua} d5 2. g3 c6 3. b3 Bg4 4. Bb2 Bxf3 ({RR} 4... Nd7 5. d3 Ngf6 6. Nbd2 e6 7. h3 Bh5 ({RR} 7... Bxf3 8. Nxf3 ({RR} 8. exf3 e5 9. Qe2 Bd6 10. f4 O-O) 8... Ba3 9. Bc3 ({RR} 9. Bxa3 Qa5+)) 8. g4 Bg6 9. Nh4 Bd6 ({RR} 9... a5) 10. e3 O-O 11. Qe2 Ne8 ({RR} 11... a5 12. f4 ({RR} 12. a4) 12... a4 ({RR} 12... Ne8 13. Ndf3 Be7 14. Qf2)) 12. Nxg6 fxg6 13. h4 a5 14. g5 ({RR} 14. a4) 14... Qe7 ({RR} 14... a4 15. Qg4 Nc7 16. h5 a3 ({RR} 16... Qe8 17. bxa4 ({RR} 17. a3 axb3 18. cxb3) ({RR} 17. Rb1 axb3 18. axb3 Ra2 ({RR} 18... gxh5)) 17... Nc5) 17. Bc3 ({RR} 17. hxg6 axb2 18. Rxh7 bxa1=Q+ 19. Ke2 Rf5) 17... Qe8 18. Rd1 ({RR} 18. h6 gxh6 19. Rxh6 Nb5 20. Rxh7 Nxc3 21. Qh4 Be5)) 15. a4 ({RR} 15. Qg4 Qf7 ({RR} 15... Rf5)) ({RR} 15. h5 Qxg5 16. Nf3 Qh6) 15... Nc7 16. Bh3 b5 17. h5 ({RR} 17. axb5 cxb5 18. e4) 17... Qxg5 18. Nf3 Qe7 ({RR} 18... Qh6 19. hxg6) ({RR} 18... Qxh5 19. Bxe6+ Nxe6 20. Rxh5 gxh5 21. axb5 cxb5) 19. hxg6 {Kortschnoj,V (2645)-Waitzkin,J (2435) New York 1996 CBM 052 [Waitzkin,Joshua] 1-0 (35)}) 5. exf3 Nd7 6. f4 Ngf6 $146 (6... e6 7. Qe2 Ngf6 8. f5 e5 9. f4 e4 10. g4 h6 11. d3 Qa5+ 12. Kd1 O-O-O 13. Bg2 exd3 14. cxd3 Re8 $17 {Miles-Fries Nielsen/BL/1990}) ({RR} 6... e6 7. Qe2 Ngf6 8. f5 e5 9. f4 e4 10. g4 h6 11. d3 Qa5+ 12. Kd1 O-O-O 13. Bg2 exd3 14. cxd3 Re8 15. Qf3 h5 16. gxh5 Rxh5 17. Nc3 Ba3 18. Bxa3 Qxa3 19. Rc1 Kb8 20. Rc2 Qb4 21. Ne2 {Miles,A (2580)-Fries Nielsen,J (2400) Germany 1990 ½-½ (81)}) 7. f5 (7. Bg2 $14) 7... g6 8. Bh3 (8. fxg6 hxg6) 8... Bg7 9. O-O gxf5 10. Bxf5 e6 11. Bh3 h5 12. Qe2 Qb6 13. Nc3 O-O-O 14. Kh1 Qc7 (14... h4 $2 15. g4 Qc7 16. f4 $16) 15. f4 Rdg8 16. Nd1 Ng4 17. Bxg7 Rxg7 18. Ne3 Ndf6 19. Ng2 (19. d3 Nxe3 20. Qxe3 h4 $17) 19... Ne4 20. Rf3 Qb6 21. Raf1 Rhg8 22. d3 (22. Qe1 { d3} Qd4) 22... Nc3 23. Qe1 Nb5 $2 { d4} (23... Qd4 $1 $17) (23... Nxa2 $5) 24. c3 Nd6 25. Nh4 {×f5} Kb8 $2 (25... Qc7 26. f5 e5 27. Bxg4 hxg4 28. R3f2 f6 29. Ng6 Nxf5 30. Rxf5 Rxg6 31. Rxf6 Rxf6 32. Rxf6 Qe7) (25... Nf5 26. Nxf5 exf5 27. Bxg4 hxg4 28. Re3) 26. Bxg4 hxg4 27. R3f2 Qc7 (27... Re8 $4 28. Qe5 $18) 28. f5 Re8 (28... exf5 29. Nxf5 Nxf5 30. Rxf5 $16) 29. Re2 Qd7 30. Re5 Rgg8 31. fxe6 Rxe6 32. Rxe6 Qxe6 (32... fxe6 33. Rf6 Re8 34. Qe5 $16) 33. Qxe6 fxe6 34. c4 dxc4 35. dxc4 Rg5 $1 (35... Kc7 36. c5 Ne4 37. Rf7+ Kc8 38. b4 $16) (35... c5 $2 36. Rf6 Re8 37. Rg6 $18) 36. Re1 e5 37. h3 gxh3 38. Kh2 { f3} e4 (38... Nf5 39. Rxe5 (39. Nxf5 Rxf5 40. Kxh3) 39... Nxh4 40. Re8+ Kc7 41. gxh4 Rg2+ 42. Kxh3 Rxa2 43. h5 Ra1 44. Re3) (38... Nf7) 39. Kxh3 Kc7 40. g4 a5 $2 (40... c5 41. Kg3 Rg8 $16) 41. Kg3 Rg8 (41... c5 42. Kf4 Rg8 43. Nf5 Nxf5 44. Kxf5 $18) 42. c5 Ne8 43. Rxe4 Nf6 44. Rc4 Rg5 45. Nf3 Rxc5 46. Rxc5 Ne4+ 47. Kf4 Nxc5 48. g5 (48. Ke5) 48... Kd6 49. Kf5 Ne6 50. g6 Ke7 51. Ke5 Nc7 52. Ng5 Ne8 53. Ne6 Nf6 54. Nd8 $1 a4 55. Nxb7 axb3 56. axb3 Nd7+ 57. Kf5 c5 58. Nd6 Nb6 (58... Nb6 59. g7 $18) (58... Kxd6 59. g7 $18) (58... Nf6 59. Ne4 Nd7) 1-0

[Event "Tilburg"]
[Site "Tilburg"]
[Date "1994.??.??"]
[Round "1"]
[White "Speelman, Jonathan S"]
[Black "Gurevich, Dmitry"]
[Result "1-0"]
[WhiteElo "2600"]
[BlackElo "2535"]
[PlyCount "73"]
[EventDate "1994.09.??"]
[EventType "k.o."]
[EventRounds "7"]
[EventCountry "NED"]
[SourceTitle "CBM 044"]
[Source "ChessBase"]
[SourceDate "1995.02.01"]
[SourceVersion "1"]
[SourceVersionDate "1995.02.01"]
[SourceQuality "1"]

1. Nf3 d5 2. g3 Bg4 3. Bg2 Nd7 4. O-O e6 5. d4 Bd6 6. Nbd2 c6 7. e4 Ne7 8. h3 Bh5 9. Re1 $146 ({RR} 9. c3 O-O 10. Re1 h6 11. Qb3 a5 12. Nh4 a4 13. Qxb7 Nb6 14. Nhf3 Bc7 15. Ne5 Bxe5 16. dxe5 Ra5 17. b4 axb3 18. Nxb3 Rb5 19. Nd4 Rc5 20. Ba3 Na4 21. Qa7 {1-0 (21) Svane,R (2613)-Tang,A (2538) Chess.com INT 2021}) ({RR} 9. c3 O-O 10. Re1 h6 11. Qb3 a5 12. Nh4 a4 13. Qxb7 Nb6 14. Nhf3 Bc7 15. Ne5 Bxe5 16. dxe5 Ra5 17. b4 axb3 18. Nxb3 Rb5 19. Nd4 Rc5 20. Ba3 Na4 21. Qa7 {1-0 (21) Svane,R (2613)-Tang,A (2538) Chess.com INT 2021}) 9... b5 10. c3 O-O 11. a4 Qb8 12. axb5 cxb5 13. exd5 Nxd5 14. Ne4 Bc7 15. b3 a5 16. Bd2 Ra7 17. c4 bxc4 18. bxc4 Nb4 19. Qa4 Nb6 20. Qb3 Nc6 21. g4 Bg6 22. d5 exd5 23. cxd5 Nd7 24. Qxb8 Ncxb8 25. Nc3 Bd3 26. Nd4 Ra6 27. Ncb5 Bd8 28. Ra3 Bc4 29. Rc1 Bxb5 30. Nxb5 Rb6 31. Bf1 Ne5 32. Bxa5 Rf6 33. Bb4 Re8 34. Nd6 Re7 35. Ne4 Nf3+ 36. Rxf3 Rxe4 37. Rc8 1-0

[Event "Tilburg"]
[Site "Tilburg"]
[Date "1994.??.??"]
[Round "7"]
[White "Salov, Valery"]
[Black "Bareev, Evgeny"]
[Result "1-0"]
[WhiteElo "2710"]
[BlackElo "2685"]
[Annotator "Salov,Valery"]
[PlyCount "113"]
[EventDate "1994.09.??"]
[EventType "k.o."]
[EventRounds "7"]
[EventCountry "NED"]
[SourceTitle "CBM 044"]
[Source "ChessBase"]
[SourceDate "1995.02.01"]
[SourceVersion "1"]
[SourceVersionDate "1995.02.01"]
[SourceQuality "1"]

1. Nf3 {Horn,Pe Ftacnik} d5 2. b3 Bg4 3. Bb2 Nd7 4. e3 c6 (4... Ngf6 5. h3 Bh5 6. Be2 e6 7. d3 h6 8. Nbd2 {"a very well known equal position",-A.Alekhine} Bg6 9. Ne5 Nxe5 10. Bxe5 Bd6 11. Nf3 O-O 12. O-O Qe7 13. c4 a5 $10 {Salov-Anand,Madrid 1993}) (4... e5 {Ftacnik} 5. h3) 5. h3 Bh5 6. d3 e6 7. Nbd2 h6 (7... Ngf6 {Horn,Pe} 8. g4 Bg6 9. Nh4 Be7 $14) ({RR} 7... Qc7 8. g4 Bg6 9. Nh4 O-O-O 10. a3 e5 11. Bg2 Ngf6 12. Qe2 Bd6 13. O-O-O Nc5 14. Kb1 Rhe8 15. g5 Nfd7 16. Nxg6 hxg6 17. h4 Kb8 18. c4 d4 19. b4 Na4 20. c5 Bxc5 21. bxc5 Ndxc5 22. Ne4 {Nakamura,H (2736)-Dreev,A (2655) Chess.com INT 2020 1-0}) ({RR} 7... a5 8. a3 Ngf6 9. Be2 h6 10. Nh4 Bxe2 11. Qxe2 Bd6 12. e4 Be5 13. d4 Nxe4 14. Nxe4 Qxh4 15. dxe5 Qxe4 16. Qxe4 dxe4 17. O-O-O a4 18. b4 c5 19. Rhe1 cxb4 20. Rxe4 b3 21. Rc4 b6 22. Rd6 {Sathish,P (2412)-Castro Salgado,P (2150) Volta Redonda BRA 2023 1-0 (46)}) 8. g3 Ngf6 9. Bg2 a5 $146 ({RR} 9... Bd6 10. O-O O-O 11. Qe1 Re8 12. Nh4 g5 13. Nhf3 e5 14. e4 d4 15. a3 Qe7 16. Nh2 c5 17. a4 Nh7 18. Nc4 Bc7 19. Bc1 b6 20. f4 f6 21. fxg5 fxg5 22. Bf3 Bxf3 23. Rxf3 Rf8 24. Rxf8+ {Nogueiras Santiago,J (2552)-Leyva,H (2409) Valencia 2000 1-0 (54)}) ({RR} 9... Be7 10. O-O O-O 11. Qe2 a5 12. a4 Nc5 13. g4 Bg6 14. Ne5 Bh7 15. f4 Nfd7 16. Nxd7 Nxd7 17. e4 dxe4 18. Nxe4 Re8 19. Kh1 f5 20. Nd2 Bf6 21. Bxf6 Qxf6 22. Nc4 fxg4 23. Qxg4 Bf5 24. Qg3 {Vassallo Barroche,M (2411)-Alonso Rosell,A (2487) Palma de Mallorca 2009 ½-½ (74)}) 10. a3 Bd6 11. O-O O-O 12. Qe1 (12. Qe2 $10 {Horn,Pe}) 12... Qb6 (12... Re8 {Ftacnik}) 13. e4 Bxf3 $1 $8 (13... Bxg3 $4 14. Bd4 c5 15. Bxf6 $18) (13... e5 $2 14. Nh4 {Horn,Pe} Rfe8 15. Nf5 (15. g4 Bg6 16. Nxg6 (16. Nf5) 16... fxg6 $13 17. exd5 (17. Qe2 Nc5 18. d4 exd4 (18... Ncxe4 19. dxe5 Bxe5 20. Bxe5 Rxe5) 19. Bxd4 dxe4 20. Nxe4 Nfxe4 21. Bxe4 Rxe4 22. Qxe4 Nxe4 23. Bxb6) 17... cxd5 (17... Nxd5 18. Nc4 Qc7 19. Be4) 18. c4 Nc5 $132) 15... Bf8 $13) 14. Nxf3 e5 15. Nd2 (15. exd5 cxd5 (15... Nxd5 {Ftacnik} 16. Nd2 $14) 16. Nxe5 $2 Nxe5 17. Bxe5 Rfe8 18. d4 Nd7 $15 (18... Rac8 $44 {Horn,Pe})) 15... Rfe8 16. Rb1 (16. Qe2 {Horn,Pe} a4 17. b4 c5 $2 (17... dxe4 $2 18. dxe4 c5 $2 19. Nc4 Qb5 20. Rfe1 $16) 18. exd5 cxb4 19. Nc4 $16) 16... Rad8 17. Qe2 Qc7 18. Rbe1 b5 19. Kh2 (19. Kh1 {Horn,Pe}) (19. c3 {Horn,Pe}) 19... d4 (19... dxe4 {Horn,Pe} 20. dxe4 Bc5 $10) (19... Nf8 {Horn,Pe} 20. exd5 cxd5 21. c4 $13) 20. Ra1 $1 Rb8 (20... c5 $2 {Horn,Pe} 21. a4 $16) 21. h4 (21. Rfc1 h5 {Horn,Pe} 22. c3 (22. Nf3 c5 23. c3) 22... dxc3 23. Bxc3 $13 (23. Rxc3)) 21... Nb6 (21... h5 22. Bh3 $1 $16 {×g4}) 22. Rfc1 c5 23. c3 Qd8 $1 24. cxd4 $6 (24. a4 $1 bxa4 25. bxa4 Nxa4 26. Nc4 Nxb2 27. Nxb2 dxc3 28. Nc4 $1 $14) 24... exd4 $1 (24... cxd4 {Ftacnik} 25. Bh3 $1 $14) 25. f4 $5 (25. b4 Na4 26. bxc5 Bxc5 $13) (25. a4 bxa4 26. bxa4 Nxa4 (26... Nbd5) 27. Nc4 (27. Bxd4 {Horn,Pe} cxd4 28. Rxa4 Bb4 (28... Nd5 29. Rxd4) 29. Qd1 Bc3 30. Nc4) 27... Nxb2 28. Nxb2 Nd5 $36) (25. Qd1 {Horn,Pe} a4 26. b4 cxb4 27. axb4 Bxb4 28. Nf3 $13) 25... Nfd5 26. Qf3 $1 (26. e5 {Ftacnik} Nxf4 $1 27. gxf4 Qxh4+ 28. Kg1 Qxf4 $44) 26... Nxf4 $1 (26... Ne3 {Ftacnik} 27. Bh3 Bf8 28. Nf1 $14) 27. gxf4 Qxh4+ 28. Kg1 Bxf4 29. Rxc5 $1 (29. Rc2 {Ftacnik} Be3+ 30. Kf1 Re6 31. Ke2 Rf6 32. Qh3 $13) (29. Nf1 {Ftacnik} Bxc1 (29... Re5 $40 {Horn,Pe}) (29... Nd7 { e5}) 30. Rxc1 $13) 29... Be3+ 30. Kf1 Bxd2 31. Bxd4 $44 Nd7 (31... Rbd8 {Ftacnik} 32. Bf2 $1) 32. Rd5 Nf8 (32... Qe7 $1 $13) 33. Ke2 $1 Qf4 (33... Bg5 34. Rf1 $44 (34. Rh1 {Horn,Pe} Qf4)) (33... Bf4 {Horn,Pe} 34. Rf1 $16 Ne6 35. Be3 Bxe3 36. Qxf7+ Kh8 37. Kxe3 Ng5) 34. Rf1 (34. Qh3 {Ftacnik} Bc1 $1) 34... Ne6 $5 {Evgeny overlooked the White's answer, but in fact this blunder does not change the assessment of the position,-it remains about equal} (34... Qxf3+ 35. Bxf3 Bg5 36. Bg4 Ne6 37. Be3 Red8 $10 (37... Red8 {Horn,Pe} 38. Bxe6 fxe6 39. Rxd8+ Rxd8 40. Bxg5 hxg5 41. Rc1)) 35. Be5 Qxf3+ (35... Qxe5 36. Qxf7+ $18) (35... Qg5 $2 {Ftacnik} 36. Bxb8 Qxd5 37. Qxf7+ $18) 36. Bxf3 Bg5 (36... Nf4+ $2 {Ftacnik} 37. Kxd2 Nxd5 38. Bxb8 $18) 37. Bxb8 Rxb8 $44 38. Kf2 Be7 39. a4 bxa4 40. bxa4 Rb2+ (40... Bh4+ $44) 41. Kg3 Bb4 42. Bg4 Ng5 43. Bd7 (43. e5 g6 44. e6 f5 $1) 43... Kh7 $2 (43... Re2 $142 44. Bb5 Be1+ 45. Rxe1 (45. Kf4 {Ftacnik} Bd2+ 46. Ke5 Kh7 $14 (46... h5 {Horn,Pe} 47. Rh1 Nf3+ 48. Kd6 h4)) 45... Rxe1 46. Bc4 $10) (43... f6 {Ftacnik} 44. Bf5 $16) (43... g6 $5 {Ftacnik}) 44. Rxg5 $1 hxg5 45. Rxf7 $16 Be1+ 46. Kh3 (46. Kg4 {Ftacnik} Rg2+ 47. Kf5 Rf2+ 48. Ke6 $16) 46... Re2 (46... Kg6 $2 {Ftacnik} 47. Rf8) 47. Kg4 Re3 $2 (47... Bd2 {Ftacnik}) 48. Rf3 $1 Re2 (48... Rxf3 49. Kxf3 Bc3 50. Ke3 $18 (50. Ke3 {Ftacnik} Kg6 51. d4 $18)) 49. Kxg5 Bd2+ 50. Kf5 g6+ 51. Ke6 Bc3 52. Kd5 $1 Kg7 (52... Bb2 {Ftacnik} 53. Bb5 Rd2 54. e5 $18) 53. d4 $18 Bb2 54. Bb5 Rg2 55. e5 g5 56. e6 Rd2 57. e7 (57. Rd3 $2 {Ftacnik} Rxd3 58. Bxd3 Kf6) (57. e7 {Ftacnik} Rxd4+ 58. Kc5 Re4 59. e8=Q Rxe8 60. Bxe8 $18) 1-0

[Event "Tilburg blitz"]
[Site "Tilburg"]
[Date "1994.??.??"]
[Round "3"]
[White "Azmaiparashvili, Zurab"]
[Black "Chernin, Alexander"]
[Result "1-0"]
[WhiteElo "2625"]
[BlackElo "2615"]
[PlyCount "103"]
[EventDate "1994.09.??"]
[EventType "k.o. (blitz)"]
[EventRounds "7"]
[EventCountry "NED"]
[SourceTitle "CBM 044"]
[Source "ChessBase"]
[SourceDate "1995.02.01"]
[SourceVersion "1"]
[SourceVersionDate "1995.02.01"]
[SourceQuality "1"]

1. g3 d5 2. Bg2 c6 3. d3 Bg4 4. Nd2 e6 5. h3 Bh5 6. Ngf3 Bd6 7. O-O Nd7 8. e4 Ne7 9. Qe1 O-O 10. b3 Re8 ({RR} 10... a5 11. a3 a4 12. b4 c5 13. e5 Bc7 14. bxc5 Nxc5 15. Nd4 Nc6 16. Nxc6 bxc6 17. f4 f5 18. Kh2 Ba5 19. Bb2 Rb8 20. Bd4 Nd7 21. Qc1 c5 22. Bf2 Bc3 23. Rb1 Qa5 24. Rxb8 Rxb8 25. Nb1 {Onischuk,V (2622)-Korobov,A (2690) Chess.com INT 2021 0-1 (46)}) ({RR} 10... e5 11. Bb2 d4 12. Nc4 Bc7 13. a4 c5 14. Nh4 f6 15. f4 Nc6 16. g4 Bf7 17. f5 a6 18. a5 g5 19. fxg6 hxg6 20. g5 fxg5 21. Nf3 Be6 22. Qg3 g4 23. hxg4 Rf4 24. Nh2 Qe7 25. Bc1 {Leschinsky,G (1992)-Molina,R (2373) chess.com INT 2024 1-0 (58)}) 11. Bb2 Bc7 12. Nh4 $146 ({RR} 12. Kh1 e5 13. exd5 Nxd5 14. Nh4 Nf4 15. Ne4 Nxg2 16. Kxg2 Nf8 17. f4 exf4 18. gxf4 Ng6 19. Nxg6 hxg6 20. Qc3 f6 21. Qc4+ Qd5 22. Rae1 Qxc4 23. bxc4 Kf7 24. Bc3 Rad8 25. Bd2 b6 26. Ng3 Bd6 {Wengholm,A (2209)-Lindgren,P (2420) Vaxjo 2017 0-1 (78)}) ({RR} 12. Kh1 a5 13. a4 Rb8 14. Nd4 Bg6 15. f4 e5 16. Ne2 f5 17. fxe5 dxe4 18. d4 c5 19. c3 Nd5 20. Nf4 Nxf4 21. gxf4 cxd4 22. cxd4 Nb6 23. Nc4 Nd5 24. Bc3 Ra8 25. Ne3 Bb6 26. Nxd5 Qxd5 {Sady,J (2080)-Disconzi da Silva,R (2370) Petropolis 1996 0-1 (46)}) 12... Ng6 13. Nxg6 Bxg6 14. f4 f6 15. Kh1 dxe4 16. Nxe4 f5 17. Ng5 e5 18. Qb4 Nb6 19. Rae1 h6 20. Nf3 a5 21. Qd2 e4 22. dxe4 fxe4 23. Qd4 Qxd4 24. Nxd4 e3 25. f5 Bf7 26. Rf3 Nd5 27. c4 Nb4 28. Rexe3 Be5 29. Rf2 Bf6 30. Ne6 Re7 31. Bxf6 gxf6 32. Rf4 Rae8 33. Rg4+ Kh8 34. Rge4 Nxa2 35. Nc5 Rxe4 36. Rxe4 Rxe4 37. Bxe4 b5 38. Bxc6 bxc4 39. bxc4 Bxc4 40. Nb7 Bf1 41. Kh2 Nb4 42. Nxa5 Kg7 43. Be4 Na6 44. Nb3 Bc4 45. Nd4 Nc5 46. Bc2 Bd5 47. g4 Nd7 48. Kg3 Ne5 49. Bb3 Ba8 50. Ne6+ Kh8 51. Nf4 Nd3 52. Nxd3 1-0

[Event "Tilburg rapid20"]
[Site "Tilburg"]
[Date "1994.??.??"]
[Round "2"]
[White "Azmaiparashvili, Zurab"]
[Black "Stangl, Markus"]
[Result "1-0"]
[WhiteElo "2625"]
[BlackElo "2535"]
[PlyCount "143"]
[EventDate "1994.09.??"]
[EventType "k.o. (rapid)"]
[EventRounds "7"]
[EventCountry "NED"]
[SourceTitle "CBM 044"]
[Source "ChessBase"]
[SourceDate "1995.02.01"]
[SourceVersion "1"]
[SourceVersionDate "1995.02.01"]
[SourceQuality "1"]

1. g3 d5 2. Bg2 c6 3. d3 Bg4 4. Nd2 Nd7 5. h3 Bh5 6. Ngf3 e5 7. O-O ({RR} 7. e4 dxe4 8. Nxe4 Ngf6 9. Qe2 Nxe4 10. dxe4 Be7 11. Bd2 a5 12. O-O-O b5 13. g4 Bg6 14. h4 h5 15. Bh3 Qc7 16. Bc3 Rd8 17. Rxd7 Rxd7 18. Bxe5 Qa7 19. Bxg7 Rg8 20. Ne5 hxg4 21. Bxg4 Rd6 {Mamedov,R (2654)-Kovalenko,I (2651) Kiev 2021 ½-½ (45)}) ({RR} 7. c3 Bd6 8. e4 Ne7 9. Qc2 O-O 10. O-O Re8 11. Re1 Qc7 12. Nf1 Rad8 13. g4 Bg6 14. Ng3 f6 15. Nh4 Bf7 16. Nhf5 Nxf5 17. Nxf5 Bf8 18. Bd2 Nc5 19. Rad1 dxe4 20. dxe4 Bxa2 21. Be3 Bb3 {Perossa,N (2277)-Mirzoev,A (2447) chess.com INT 2024 0-1 (50)}) 7... Bc5 8. d4 $146 ({RR} 8. c3 Ne7 9. d4 Bd6 10. e4 O-O 11. g4 Bg6 12. Nxe5 Bxe5 13. dxe5 dxe4 14. Nxe4 Nxe5 15. f4 Bxe4 16. Bxe4 Qxd1 17. Rxd1 N5g6 18. f5 Ne5 19. Bf4 Nc4 20. Rd7 Nc8 21. Rxb7 N8d6 22. Bxd6 Nxd6 {Roth,J-Frericks,H Stetten 1988 0-1 (61)}) 8... exd4 9. Nb3 Bd6 10. Nbxd4 Ne7 11. c4 O-O 12. cxd5 cxd5 13. b3 Bg6 14. Nh4 Be5 15. Nxg6 hxg6 16. Bb2 Qb6 17. e3 Nf6 18. Nf5 Nxf5 19. Bxe5 Nxe3 20. Bd4 Nxd1 21. Bxb6 Nc3 22. Be3 Rfd8 23. Rfe1 d4 24. Bd2 Rd7 25. Re5 Re8 26. Rxe8+ Nxe8 27. Bf1 Nf6 28. Bxc3 dxc3 29. Rc1 Nd5 30. a4 Rc7 31. Bc4 Nb6 32. Rxc3 Kf8 33. Kf1 Ke7 34. Re3+ Kd6 35. Be2 Nd5 36. Re8 Kc5 37. Re4 a5 38. Ke1 f6 39. h4 Re7 40. Rc4+ Kd6 41. Kd2 Nb4 42. Rg4 Nc6 43. Bf3 Ne5 44. Rd4+ Kc7 45. Be2 Nc6 46. Rc4 Kb6 47. Rg4 Rd7+ 48. Kc3 Ne5 49. Rd4 Rc7+ 50. Bc4 Re7 51. Rd5 Ng4 52. Rd6+ Kc5 53. Rd5+ Kc6 54. Rd2 f5 55. Bd5+ Kc5 56. Bf3 Nf6 57. Rd4 Re1 58. Rc4+ Kd6 59. Bxb7 Re2 60. b4 axb4+ 61. Rxb4 Rxf2 62. a5 Ra2 63. a6 Nh5 64. Rb6+ Kc7 65. Rxg6 Ra3+ 66. Kd4 Rxg3 67. Rxg3 Nxg3 68. Ke5 g6 69. Bf3 Kb6 70. Kf4 Nf1 71. Kg5 Nd2 72. Bg2 1-0

[Event "BL2-West 9495"]
[Site "Germany"]
[Date "1995.??.??"]
[Round "6.1"]
[White "Kengis, Edvins"]
[Black "Haba, Petr"]
[Result "1-0"]
[WhiteElo "2580"]
[BlackElo "2505"]
[PlyCount "61"]
[EventDate "1994.10.??"]
[EventType "team-tourn"]
[EventRounds "9"]
[EventCountry "GER"]
[SourceTitle "GER-chT2"]
[Source "ChessBase"]
[SourceDate "1999.07.01"]
[SourceVersion "1"]
[SourceVersionDate "1999.07.01"]
[SourceQuality "1"]
[WhiteTeam "Godesberg"]
[BlackTeam "Porz II"]
[WhiteTeamCountry "GER"]
[BlackTeamCountry "GER"]

1. Nf3 d5 2. g3 Nf6 3. Bg2 c6 4. O-O Bf5 5. d3 e6 6. Nc3 h6 7. Nd2 Be7 ({RR} 7... Bh7 8. e4 dxe4 9. dxe4 Be7 10. f4 O-O 11. h3 a5 12. Kh2 Na6 13. e5 Nd5 14. Nde4 Nc5 15. Qd4 Nxc3 16. Qxd8 Rfxd8 17. Nxc3 Bxc2 18. Be3 a4 19. Bxc5 Bxc5 20. Ne4 Bxe4 21. Bxe4 Rd2+ 22. Kh1 {Pourkashiyan,A (2297)-De Lima,V (1971) chess.com INT 2025 ½-½ (68)}) ({RR} 7... Bh7 8. e4 dxe4 9. dxe4 Nbd7 10. Nc4 Qc7 11. Qe2 Be7 12. a4 O-O 13. b3 e5 14. Bb2 Bc5 15. Nd1 Rfe8 16. Kh1 b6 17. f3 a6 18. Nf2 b5 19. Nd2 Bd6 20. Nd3 Nc5 21. Nxc5 Bxc5 22. Rfd1 {Kengis,E (2570)-Haba,P (2515) Swidnica 2000 ½-½ (89)}) 8. e4 Bh7 9. Kh1 ({RR} 9. f4 O-O 10. Kh1 b5 11. g4 b4 12. Na4 dxe4 13. dxe4 Nbd7 14. b3 Nb6 15. Nb2 Qc7 16. Nd3 Rad8 17. Bb2 c5 18. g5 hxg5 19. fxg5 Nfd7 20. Qh5 Bg6 21. Qh4 c4 22. bxc4 Nxc4 23. Nxc4 Qxc4 {Carlsen,M (2835)-Hansen,E (2609) chess.com INT 2023 0-1 (35)}) 9... a5 10. Qe2 $146 ({RR} 10. f4 a4 11. a3 Na6 12. g4 Nc5 13. Qe2 Qa5 14. f5 d4 15. Nc4 Qd8 16. Nd1 b5 17. Ne5 Qc7 18. h3 Qxe5 19. Bf4 Bd6 20. Bxe5 Bxe5 21. Ne3 Rd8 22. Nd5 cxd5 23. exd5 Bd6 24. dxe6 fxe6 {Jimenez Garcia,E (2418)-Hambleton,A (2420) chess.com INT 2023 1-0 (50)}) ({RR} 10. f4 a4 11. a3 Na6 12. g4 Nc5 13. Qe2 Qa5 14. f5 d4 15. Nc4 Qd8 16. Nd1 b5 17. Ne5 Qc7 18. h3 Qxe5 19. Bf4 Bd6 20. Bxe5 Bxe5 21. Ne3 Rd8 22. Nd5 cxd5 23. exd5 Bd6 24. dxe6 fxe6 {Jimenez Garcia,E (2418)-Hambleton,A (2420) chess.com INT 2023 1-0 (50)}) 10... a4 11. a3 b5 12. f4 Na6 13. Nf3 O-O 14. e5 Nd7 15. f5 Bxf5 16. Nd4 Qc7 17. Nxf5 exf5 18. Rxf5 g6 19. Rf1 Qxe5 20. Bxh6 Qxe2 21. Nxe2 Rfe8 22. Nd4 Rac8 23. Bh3 f5 24. g4 Bf6 25. Nf3 Bxb2 26. Rab1 Bg7 27. Bxg7 Kxg7 28. gxf5 Rc7 29. fxg6 Nf6 30. Nd4 Kxg6 31. Rf3 1-0

[Event "Oberliga Bayern 9495"]
[Site "Bayern"]
[Date "1995.??.??"]
[Round "?.1"]
[White "Milov, Leonid"]
[Black "Gdanski, Jacek"]
[Result "1-0"]
[WhiteElo "2520"]
[BlackElo "2505"]
[Annotator "Bulletin"]
[PlyCount "89"]
[EventDate "1994.10.09"]
[EventType "team-tourn"]
[EventRounds "9"]
[EventCountry "GER"]
[SourceTitle "EXT 1999"]
[Source "ChessBase"]
[SourceDate "1998.11.16"]
[SourceVersion "1"]
[SourceVersionDate "1998.11.16"]
[SourceQuality "1"]
[WhiteTeam "Nuernberg SC NT 1873"]
[BlackTeam "Hof SK"]
[WhiteTeamCountry "GER"]
[BlackTeamCountry "GER"]

1. Nf3 Nf6 2. g3 d5 3. c4 d4 4. Bg2 c5 5. b4 cxb4 6. a3 bxa3 7. Bxa3 Nc6 8. O-O e5 9. Bxf8 Kxf8 10. d3 g6 11. Nbd2 Kg7 12. Qb3 Rb8 $146 ({RR} 12... Re8 13. Ng5 Re7 14. Qa3 Qc7 15. Rfb1 Ne8 16. Nge4 f5 17. Nc5 Nd6 18. e3 a5 19. Bxc6 dxe3 20. Bg2 exd2 21. Na4 Ra6 22. Qb2 Bd7 23. Qxd2 Bxa4 24. Rxa4 b6 25. h4 h5 26. Bd5 Ne8 27. Qb2 {Valerga,D (2468)-Sorin,A (2486) Buenos Aires 2001 ½-½ (46)}) ({RR} 12... a5 13. Rfb1 Ra6 14. Qb5 Qc7 15. Ng5 Nb4 16. Nb3 b6 17. c5 h6 18. Ne4 Nxe4 19. Bxe4 Be6 20. Nd2 Qxc5 21. Rxb4 axb4 22. Qxa6 b3 23. Nc4 b5 24. Qd6 Qxd6 25. Nxd6 Rd8 26. Nxb5 Rb8 27. Nc7 {Nguyen,P (2404)-Kistrup,N (2421) Darlowo POL 2024 ½-½ (47)}) 13. Rfb1 h6 14. Ne1 Bg4 15. Ne4 Re8 (15... Nxe4 16. Bxe4 Bxe2 $17) 16. Qa3 Bxe2 17. Nd6 e4 18. Nxe8+ Qxe8 19. Rb2 Bg4 20. dxe4 Ne5 21. Qc5 Nc6 22. f3 Be6 23. Nd3 Nd7 24. Qb5 a6 25. Qa4 Qe7 26. f4 Nc5 27. Nxc5 Qxc5 28. Qa3 Qxa3 29. Rxa3 Bxc4 30. Kf2 a5 31. Rb6 Rd8 32. Ke1 Ba6 (32... Rd7 $142) 33. Kd2 Rc8 34. Ra1 Nb4 35. Rc1 Rd8 (35... Rxc1 36. Kxc1 Nd3+ 37. Kd2 Nc5 $10) 36. Rc5 $1 $16 a4 $4 37. Rxb4 a3 38. Ra4 Rd6 39. Rxa3 Rb6 40. Ra2 Rb3 41. Rxa6 bxa6 42. Bf1 a5 43. Rxa5 Rb2+ 44. Kd3 Rxh2 45. Kxd4 1-0